A guide to the preparation of theses, etc. (Record no. 86300)

MARC details
000 -LEADER
fixed length control field 00721nam a2200229 4500
003 - CONTROL NUMBER IDENTIFIER
control field CBULib
005 - DATE AND TIME OF LATEST TRANSACTION
control field 20250717123846.0
008 - FIXED-LENGTH DATA ELEMENTS--GENERAL INFORMATION
fixed length control field 250717b |||||||| |||| 00| 0 eng d
040 ## - CATALOGING SOURCE
Original cataloging agency CBULib
Language of cataloging English
Transcribing agency CBULib
Description conventions rda
041 ## - LANGUAGE CODE
Language code of text/sound track or separate title eng
050 ## - LIBRARY OF CONGRESS CALL NUMBER
Classification number CBU-LIB(02)1998/3
110 ## - MAIN ENTRY--CORPORATE NAME
Corporate name or jurisdiction name as entry element The Copperbelt University Library(CBU-LIB)
245 ## - TITLE STATEMENT
Title A guide to the preparation of theses, etc.
Statement of responsibility, etc / by The Copperbelt University Library(CBU-LIB)
260 ## - PUBLICATION, DISTRIBUTION, ETC. (IMPRINT)
Place of publication, distribution, etc Kitwe :
Name of publisher, distributor, etc Copperbelt University,
Date of publication, distribution, etc 1998.
300 ## - PHYSICAL DESCRIPTION
Extent 11 pages
336 ## - CONTENT TYPE
Source rdacontent
Content type term Text |
Content type code txt
337 ## - MEDIA TYPE
Source rdamedia
Media type term Unmediated |
Media type code n
338 ## - CARRIER TYPE
Source rdacarrier
Carrier type term Volume
Carrier type code nc
700 ## - ADDED ENTRY--PERSONAL NAME
9 (RLIN) 4689
Personal name Chitwamali, E.M.
700 ## - ADDED ENTRY--PERSONAL NAME
9 (RLIN) 4690
Personal name Chelemu, G.
942 ## - ADDED ENTRY ELEMENTS (KOHA)
Source of classification or shelving scheme
Koha item type UNIVERSITY COLLECTION
Holdings
Withdrawn status Lost status Source of classification or shelving scheme Damaged status Not for loan Collection code Permanent Location Current Location Shelving location Date acquired Source of acquisition Total Checkouts Full call number Barcode Date last seen Copy number Price effective from Koha item type
          Special Collections CBU-MAIN LIBRARY, KITWE. CBU-MAIN LIBRARY, KITWE. Special Collections 07/17/2025 DEP-CBU   CBU-LIB(02)1998/3 45052 07/17/2025 1 07/17/2025 UNIVERSITY COLLECTION